000 00531nab a22001577a 4500
001 T027600010269-13
008 190830b xxu||||| |||| 00| 0 esp |
040 _aFEVP
_cFEVP
100 _aVargas E, Jorge Enrique.
245 _aLa política Educativa del Gobierno Nacional y sus Orientaciones para el Mejormiento de la Calidad, la Eficiencia y la Equidad en la Educación Superior Oficial.
300 _app. 311-326
650 _aHábitos Alimenticios
650 _aCocina--Historia
650 _aAlimentos--Historia
942 _cANL
999 _c12999
_d12999